000 00605nam a22000977a 4500
008 120625t xxu||||| |||| 00| 0 eng d
010 _8SCCAPF-35
245 _aSUPREME COURT CIVIL APPLICATION NO.07 OF 2010 Dr. Sheikh Muhammed Kisuule Vs Greenland Bank. (In Liquidation)
260 _aSupreme Court Kampala
500 _3CORAM: ODOKI,CJ; TSEKOOKO; OKELLO; TUMWESIGYE; AND KISAAKYE; JJSC) (An application arising from the Supreme Court Civil Appeal No.11 of 2010) {Civil Application by Notice of Motion Rules 6(2)(b),43,45 & 47 of the supreme court rules- stay of execution pending appeal - costs of application}
999 _c5084
_d5084